000 00422nam a2200181Ia 4500
001 10273
005 20260306161820.0
008 260306t1979||||xx |||||||||||||| ||spa||
041 _aESP
082 _a913
_bW47
100 _aWernick, Robert,
_eAUT
245 0 _aLos constructores de megalitos
260 _c1979
300 _a160 páginas :
_c26 cm.
650 _aGEN
654 _aCHU
942 _cLIB
_dJUS
_fJUS
_2ddc
_n
999 _c10273
_d10273